Antonio van Dyck /

Colección que centra cada uno de sus volúmenes en un pintor determinado, reproduciendo algunas de sus obras más famosas, con una breve descripción de ellas y con un texto introductorio sobre la estética del artista.

-д хадгалсан:
Номзүйн дэлгэрэнгүй
Үндсэн зохиолч: Hofstede, Justus Müller (autor)
Бусад зохиолчид: Fabbri, Dino (dirección) (dirección), Larco, Jorge (epílogo) (epílogo)
Формат: Ном
Хэл сонгох:испани
Хэвлэсэн: Buenos Aires, Argentina : Codex, 1967, c1967
Цуврал:(Pinacoteca de los Genios ; 126)
Нөхцлүүд:
Шошгууд: Шошго нэмэх
Шошго байхгүй, Энэхүү баримтыг шошголох эхний хүн болох!

MARC

LEADER 00000nam^a2200000^a^4500
001 000289789
005 20250521000000.0
008 090422 19671967
009 20260310111948.834
037 |a Acervo Xavier Clavigero 
041 |a ESP 
082 |a 759.  |b GEN V. 126 
100 |a Hofstede, Justus Müller  |e (autor) 
240 1 1 |a [Anton van Dyck] 
245 1 0 |a Antonio van Dyck /  |c J.M. Hofstede ; dir. de D. Fabbri ; epílogo de J. Larco ; tr. por Angel Sánchez-Gijón. 
246 2 |a Título en la cubierta: Van Dyck 
264 4 |a Buenos Aires, Argentina :  |b Codex,  |c 1967, c1967 
300 |a [8], XVI, [4] p. 
336 |a texto  |b txt  |2 rdacontenido 
337 |a sin mediación  |b n  |2 rdamedio 
338 |a volumen  |b nc  |2 rdasoporte 
440 1 |a (Pinacoteca de los Genios ;  |v 126) 
520 |a Colección que centra cada uno de sus volúmenes en un pintor determinado, reproduciendo algunas de sus obras más famosas, con una breve descripción de ellas y con un texto introductorio sobre la estética del artista. 
649 |a XX 
650 |a Pintores Belgas 
650 |a Pintores Flamencos 
650 |a Artistas Belgas 
650 |a Artistas Flamencos 
650 |a Retrato (Pintura) -  |x Historia y Crítica 
650 |a Pintura Religiosa -  |x Historia y Crítica 
650 |a Pintura Barroca -  |x Historia y Crítica 
650 |a Pintura Belga -  |x Historia y Crítica 
650 |a Pintura Flamenca -  |x Historia y Crítica 
650 |a Arte Religioso -  |x Historia y Crítica 
650 |a Arte Barroco -  |x Historia y Crítica 
650 |a Arte Belga -  |x Historia y Crítica 
650 |a Arte Flamenco -  |x Historia y Crítica 
650 |a Dyck, Anton van -  |x Tema Principal 
700 |a Fabbri, Dino  |e (dirección) 
700 |a Larco, Jorge  |e (epílogo) 
910 |a Fondo General 
920 |a Impresos - Libros 
930 |a Reserva Especial 
905 |a 103 
901 |a 063533  |b IT1  |c REE  |u 20250521 
901 |a 063681  |b IT1  |c REE  |u 20250521 
902 |a https://opac.biblio.iteso.mx/vufind/Record/000289789